000 00206nam a22000857a 4500
008 161128b xxu||||| |||| 00| 0 eng d
100 _91489
_aKen ham
245 _aOne blood
260 _aAmerica
_bMaster Books
_c1999
999 _c4214
_d4214